Statistics for Bay Area or Los Angeles Suburb

Click here to take the quiz!

General Stats

  • This quiz has been taken 6,645 times
  • The average score is 15 of 18

Answer Stats

Question Answer % Correct
Beverly HillsLos Angeles
99%
OaklandBay Area
95%
Long BeachLos Angeles
92%
MalibuLos Angeles
92%
Santa MonicaLos Angeles
90%
ComptonLos Angeles
89%
AnaheimLos Angeles
88%
PasadenaLos Angeles
87%
San JoseBay Area
85%
BurbankLos Angeles
80%
InglewoodLos Angeles
79%
CupertinoBay Area
78%
BerkeleyBay Area
78%
Palo AltoBay Area
77%
HaywardBay Area
77%
San MateoBay Area
74%
SausalitoBay Area
71%
FremontBay Area
67%

Score Distribution

Percentile by Number Answered

Percent of People with Each Score

Your Score History

You have not taken this quiz